00847naa#a2200169#i#4500001001600000005001700016011001400033100004100047102000700088200024200095210016900337215001100506608004500517675004900562700005200611856001400663RU\\bibl\11908920260414113235.2##a2222-7962##a20260330b2026####ek#y0rusy0150####ca##aRU1#aДвухэшелонная транспортная задача и транзитные вершины в лесопромышленном производстве: модель оптимизацииeЖурнальная статья1#aВоронежcВоронежский государственный лесотехнический университет имени Г.Ф. Морозоваd2026##a17 с.##aЖурнальная статья2local##aЛесное хозяйство. 338.439.223#1aРогулинgРодион Сергеевич4#azh-szf.ru